| 000 | 00440nam a2200181Ia 4500 | ||
|---|---|---|---|
| 008 | 170705s9999 xx 000 0 und d | ||
| 020 | _a590484109 | ||
| 245 | _aWe shall not be moved : | ||
| 245 | _bthe women's factory strike of 1909 / | ||
| 245 | _cJoan Dash. | ||
| 260 | _aNew York : | ||
| 260 | _bScholastic, | ||
| 260 | _c1996 | ||
| 300 | _a165 pages : | ||
| 300 | _bcolor illustration ; | ||
| 300 | _c19cm. | ||
| 500 | _a1170 | ||
| 999 |
_c336299 _d336299 |
||